History Quiz

Random History or Nation Quiz

Third Crusade Countries Quiz Stats

 Plays Quiz not verified by Sporcle

Score 0/23 Timer 07:00
0 Plays Today
Allegiance Nation % Correct
CrusadersKingdom of England
97.8%
CrusadersKingdom of France
94.8%
Muslims and AlliesAyyubid Sultanate
70.9%
CrusadersHoly Roman Empire
69.4%
CrusadersKingdom of Jerusalem
60.4%
Muslims and AlliesByzantine Empire
58.2%
CrusadersDuchy of Austria
53.7%
CrusadersPrincipality of Antioch
53%
CrusadersKingdom of Hungary
52.2%
Muslims and AlliesEmpire of Cyprus
46.3%
Muslims and AlliesKingdom of Sicily
44%
Muslims and AlliesSeljuq Sultanate of Rum
41%
Allegiance Nation % Correct
CrusadersCounty of Tripoli
39.6%
CrusadersDuchy of Burgundy
38.1%
CrusadersCounty of Edessa
35.8%
CrusadersDuchy of Normandy
34.3%
CrusadersKnights Templar
31.3%
CrusadersKnights Hospitaller
29.9%
CrusadersDuchy of Bohemia
29.9%
CrusadersTeutonic Knights
25.4%
CrusadersDuchy of Swabia
19.4%
CrusadersCounty of Blois
16.4%
CrusadersMarch of Montferrat
11.2%

You're not logged in!

Compare scores with friends on all Sporcle quizzes.
OR
Log In

Sporcle TV

Today on Sporcle TV


Watch our educational content, quiz creation guides, and fun videos on Sporcle TV.

Show Comments

Extras

Top Quizzes Today


Score Distribution

Your Account Isn't Verified!

In order to create a playlist on Sporcle, you need to verify the email address you used during registration. Go to your Sporcle Settings to finish the process.

Report this User

Report this user for behavior that violates our Community Guidelines.

Details: